000 01124nam a22002777i 4500
999 _c23590
_d23590
003 AR-CdUCM
008 260406b20202020 pe|a||| |||| 00| 0 spa d
020 _a978-612-317-609-9
040 _aMUNICIPALIDAD PROVINCIAL DEL CUSCO
_cBIBLIOTECA MUNICIPAL DEL CUSCO
041 _hspa
082 _22°edición
_a318
_bL96
100 _aLudeña Urquizo, Wiley
_952517
245 _aLima y espacios públicos :
_bPerfiles y estadistica integrada 2010 /
260 _aLima-Perú
_bPontificia Universidad Catolica del Perú
_c2020
300 _a188 páginas. :
_c30x21 cm.
505 _aEspacios públicos -- Lo publico y lo privado -- Lima y espacios públicos -- Variables y criterios -- Registro de información y variables -- Lima 2010 data y espacios públicos -- Cota final a modo de conclusiones
650 _aEspacios públicos
_952518
650 _aLima y territorio
_952519
650 _aEscaleras
_920577
650 _aVeredas
_952520
650 _aPlazas y plazuelas
_952521
650 _aAéreas verdes
_952522
856 _fwww.fondoeditorial.pucp.edu.pe
942 _2ddc
_cLIBROS
945 _apbjr
_d06-04-2026